000 00489pab a2200181 454500
008 180718b2010 xxu||||| |||| 00| 0 eng d
100 _aGhnchi, D.A.
245 _aRagging: A multiple malady afficting India's higher education system search for an effective therapy
260 _c2010
300 _ap.1-7.
362 _a18 Oct
650 _aHigher education - India
650 _aRagging - India
650 _aRagging
773 _aUniversity News
908 _aN
909 _a89266
999 _c89266
_d89266